00980naa#a2200181#i#4500001001600000005001700016011001400033100004100047102000700088200015500095210021400250215001100464608004500475675015100520700005000671700006000721856001700781RU\\bibl\12238120260630025516.2##a2413-2527##a20260624b2026####ek#y0rusy0150####ca##aRU1#aАрхитектура цифровых двойников на железнодорожном транспортеeЖурнальная статья1#aСанкт-ПетербургcФГБОУ ВО "Петербургский государственный университет путей сообщения Императора Александра I"d2026##a18 с.##aЖурнальная статья2local##aКомпьютерное моделирование. 004.94aЭксплуатация железнодорожного транспорта. 656.2#1aЗуевgДенис Владимирович#1aБочкаревgСергей Владимирович4#aatjournal.ru